Biblioteca

El ombligo de Juanito (Registro nro. 67778)

Detalles MARC
000 -LÍDER
Campo fijo de descripción fija 01726nam a22002657i 4500
001 - NÚMERO DE CONTROL
Campo de control BINCO
003 - IDENTIFICADOR DEL NÚMERO DE CONTROL
Campo de control CO-MdBIC
005 - FECHA Y HORA DE LA ULTIMA TRANSACCIÓN
control field 20240601221304.0
008 - ELEMENTOS DE LONGITUD FIJA -- INFORMACIÓN GENERAL
Campo fijo de descripción fija -- Información general 220423b2010 spaa|||| |||| 00| 0 spa d
020 ## - NÚMERO INTERNACIONAL NORMALIZADO PARA LIBROS
Número Internacional Normalizado del libro 9788498712278
040 ## - FUENTE DE CATALOGACIÓN
Agencia de catalogación original CO-MdBIC
Idioma de catalogación spa.
Agencia que realiza la transcripción CO-MdBIC
Agencia que realiza la modificación CO-MdBIC
082 ## - NÚMERO DE CLASIFICACIÓN DECIMAL DEWEY
Número de la edición del Dewey 23
Número de clasificación 860.8
Clave de autor-Numero de item AR659
100 ## - ASIENTO PRINCIPAL--NOMBRE PERSONAL
Nombre personal Aragüés Peleato, Ramón,
Fechas asociadas con el nombre 1975-
245 #3 - TÍTULO
Título del Material El ombligo de Juanito
Mención de responsabilidad, etc. / Ramón Aragüés Peleato ; ilustrado por Francesca Chessa
250 ## - MENCIÓN DE EDICIÓN
Mención de edición Primera edición
260 1# - PUBLICACIÓN, DISTRIBUCIÓN, ETC. (PIE DE IMPRENTA)
Lugar de publicación, distribución, etc. España:
Nombre del editor, distribuidor, etc. OQO
Fecha de publicación, distribución, etc. [2010]
264 ## - PRODUCCIÓN, PUBLICACIÓN, DISTRIBUCIÓN, MANUFACTURA, Y COPYRIGHT
Fecha de producción, publicación, distribución, manufactura, o copyright ©2010
300 ## - DESCRIPCIÓN FÍSICA
Extensión 36 paginas
Otros detalles físicos ; ilustraciones a color
Dimensiones ; 26 cm.
490 ## - MENCIÓN DE SERIE
Mención de serie Colección O
501 ## - NOTA DE “CON”
Nota de Contenido Juanito tenía cuatro años, y como todos los niños a esa edad, era muy curioso. Lo que más le gustaba en el mundo era explorar, y casi cada día hacía un nuevo descubrimiento. Papá le lavaba las orejas, las rodillas, los codos… Para apurar más, Juanito también se frotaba con jabón. De repente, se le hundió el dedo en un agujero de la barriga. ¿Qué había pasado?. El hallazgo le causó tanta intriga que, desde entonces, siempre estaba preguntando:¿Por qué tengo ombligo?. Y es que Juanito está en una de las etapas más divertidas de la infancia: la de las preguntas. Por eso quiere saber el porqué de todo, e interroga a papá, a su hermana mayor, al abuelo… Aprovechándose de la inocencia del pequeño, cada uno inventa una respuesta acerca del extraño agujero. Finalmente, la madre le desvela la verdadera razón de la existencia de su ombligo y, de paso, uno de los grandes misterios de la vida.
650 #7 - ASIENTO SECUNDARIO DE MATERIA - TERMINO TEMÁTICO
9 (RLIN) 100
Término temático o nombre geográfico como elemento de entrada Educación infantil
650 #7 - ASIENTO SECUNDARIO DE MATERIA - TERMINO TEMÁTICO
Término temático o nombre geográfico como elemento de entrada Literatura española
9 (RLIN) 7089
700 ## - ASIENTO SECUNDARIO - NOMBRE PERSONAL
Nombre personal Chessa, Francesca,
Fechas asociadas con el nombre 1964
Responsabilidad ilustradora
942 ## - TIPO DE MATERIAL (KOHA)
Tipo de Item KOHA Z- Libro General BINCO
Existencias
Estado de Material Estado de Perdido Forma de Clasificación Estado de Dañado No para Préstamo Colección Biblioteca de Origen Biblioteca Permanente Fecha de Adquisición Total de Préstamos Signatura Topográfica Código de Barras Última vez visto Ejemplar/Existencia Fecha de Remplazo Tipo de Material
    Dewey Decimal Classification     Colección Escolares Biblioteca Infantil Comunitaria BINCO Biblioteca Infantil Comunitaria BINCO 23/04/2022   860.8AR659 B32075 23/04/2022 ej.1 23/04/2022 Z- Libro General BINCO

Biblioteca FUSBC | Teléfono: (57+4) 349 88 10 Ext. 141| WhatsApp (+57) 3005338115 
E-mail: biblioteca@unisbc.edu.co | Calle 76 87-14 Robledo Palenque, Medellín, Colombia

Con tecnología Koha